Conservación, siembra, manejo y utilización de las especies aglutinantes más importantes en la agroindustria panelera / (Registro nro. 5720)
[ vista simple ]
| 000 -CABECERA | |
|---|---|
| Campo de control | 01159nam a2200265 a 4500 |
| 005 - FECHA Y HORA DE LA ULTIMA TRANSACCION | |
| Campo de control | 20200104041601.0 |
| 008 - ELEMENTOS DE LONGITUD FIJA—INFORMACION GENERAL | |
| Campo de control | 161022s2005 ck ado||r|||| 00| 0 spa d |
| 040 ## - FUENTE DE CATALOGACIÓN | |
| Agencia catalogadora original | CO-BoIAVH |
| Agencia transcriptora | CO-BoIAVH |
| 041 0# - IDIOMA | |
| Código de idioma para texto/pista de sonido o título separado | Español |
| 044 ## - PAÍS DE PUBLICACIÓN | |
| País de publicación | Colombia |
| 082 04 - NUMERO DE CLASIFICACION DECIMAL DEWEY | |
| Número de clasificación | 633.61 |
| Número del ítem | L92c |
| 100 1# - ASIENTO PRINCIPAL--NOMBRE PERSONAL | |
| Nombre personal | López Lopera, Juan Gonzalo |
| Término relacionado | autor |
| 9 (RLIN) | 77005 |
| 245 10 - MENCION DE TITULO | |
| Título | Conservación, siembra, manejo y utilización de las especies aglutinantes más importantes en la agroindustria panelera / |
| Mención de responsabilidad | Juan Gonzalo López Lopera, Guillermo Osorio Cadavid y Oscar Arturo Delgado Paz |
| 260 ## - PUBLICACION, DISTRIBUCION, ETC. (PIE DE IMPRENTA) | |
| Lugar de publicación, distribución, etc. | Medellín, Colombia : |
| Nombre del editor, distribuidor, etc. | CORPOICA : |
| -- | CORANTIOQUIA, |
| Fecha de publicación, distribución, etc. | 2005. |
| 300 ## - DESCRIPCION FISICA | |
| Extensión | 80 páginas : |
| Otros detalles físicos | ilustraciones a color, tablas y fotografías a color ; |
| Dimensiones | 23 x 17 cm. |
| 490 0# - MENCION DE SERIE | |
| Mención de serie | Boletín Técnico ; |
| Designación numérica/secuencial del volumen | 25 |
| 504 ## - NOTA DE BIBLIOGRAFIA, ETC. | |
| Nota de bibliografía | Incluye referencias bibliográficas. |
| 650 24 - ASIENTO SECUNDARIO DE MATERIA - TERMINO TEMATICO | |
| Término temático o nombre geográfico como elemento de entrada | Especies aglutinantes |
| Subdivisión general | conservación |
| Subdivisión geográfica | Colombia |
| 9 (RLIN) | 77013 |
| 650 24 - ASIENTO SECUNDARIO DE MATERIA - TERMINO TEMATICO | |
| Término temático o nombre geográfico como elemento de entrada | Especies aglutinantes |
| Subdivisión general | Taxonomía |
| Subdivisión geográfica | Colombia |
| 9 (RLIN) | 77014 |
| 650 24 - ASIENTO SECUNDARIO DE MATERIA - TERMINO TEMATICO | |
| Término temático o nombre geográfico como elemento de entrada | Especies aglutinantes |
| Subdivisión general | cultivo |
| Subdivisión geográfica | Colombia |
| 9 (RLIN) | 77015 |
| 650 26 - ASIENTO SECUNDARIO DE MATERIA - TERMINO TEMATICO | |
| Término temático o nombre geográfico como elemento de entrada | Botánica |
| 9 (RLIN) | 361 |
| 700 1# - ASIENTO SECUNDARIO - NOMBRE PERSONAL | |
| Nombre personal | Osorio Cadavid, Guillermo |
| Término de relación | autor |
| 9 (RLIN) | 77007 |
| 700 1# - ASIENTO SECUNDARIO - NOMBRE PERSONAL | |
| Nombre personal | Delgado Paz, Oscar Arturo |
| Término de relación | autor |
| 9 (RLIN) | 77008 |
| 942 ## - ELEMENTOS ADICIONALES (KOHA) | |
| Tipo de ítem | Libro |
| Sistema de clasificación | Dewey Decimal Classification |
| Withdrawn status | Lost status | Sistema de Clasificación | Damaged status | No para préstamo | Colección | Inventariado | Ubicación Permanente | Ubicación actual | Fecha de adquisición | Fuente de Valor | Valor | Total Checkouts | Número topográfico | Inventario / Código de Barras | Date last seen | Ejemplar | Price effective from | Forma de adquisición | Tipo de material |
|---|---|---|---|---|---|---|---|---|---|---|---|---|---|---|---|---|---|---|---|
| Dewey Decimal Classification | General | Inventariado 2017 | Bogotá | Bogotá | 30/07/2007 | Instituto | 15000.00 | LB-633.61 L92c | 024913 | 04/12/2012 | Ej.1 | 04/12/2012 | Donación | Libro |